| 000 | 00454nam a22001697a 4500 | ||
|---|---|---|---|
| 999 |
_c8910 _d8910 |
||
| 003 | GBCCL | ||
| 005 | 20241126110701.0 | ||
| 008 | 220121b ||||| |||| 00| 0 eng d | ||
| 020 | _a9789351485841 | ||
| 040 | _cGBC | ||
| 082 |
_a262 _bLAN |
||
| 100 |
_aLangzakham, Sonna _97300 |
||
| 245 |
_aThe church as the body of Christ / _cSonna Langzakham |
||
| 260 |
_aNew Delhi : _bChristian world imprints, _c2021. |
||
| 300 | _a214.p ; | ||
| 942 |
_2ddc _cBK _010 |
||